| 000 | 00700nam a2200217Ia 4500 | ||
|---|---|---|---|
| 003 | OSt | ||
| 005 | 20240920143546.0 | ||
| 008 | 220927b |||||||| |||| 00| 0 eng d | ||
| 020 | _a0271016582 | ||
| 037 | _b251, 02/02/2011, Pioneer Book Distributors | ||
| 040 |
_aSDCL _cSDCL _beng |
||
| 041 |
_2eng _aeng |
||
| 082 | _aRxN N7 | ||
| 100 |
_aMay, Todd _9440059 |
||
| 245 | 0 |
_aReconsidering difference: _b Nancy, Derrida, Levinas and Deleuze/ |
|
| 260 |
_aPennsylvania: _bPennsylvania State University Press, _c1997. |
||
| 300 | _ax,208p. | ||
| 650 | _aPhilosophy | ||
| 942 |
_hRxN N7 _cTEXL _2CC |
||
| 999 |
_c755698 _d755698 |
||